| 000 | 00495nam a22001697a 4500 | ||
|---|---|---|---|
| 003 | OSt | ||
| 005 | 20260129085509.0 | ||
| 008 | 260129b |||||||| |||| 00| 0 eng d | ||
| 040 |
_aDWCL GS library _cOC |
||
| 082 | _aFic. C581r 1984 | ||
| 100 | _aCleary, Beverly | ||
| 245 | _aramona forever | ||
| 260 |
_aNew York _bAvon books Inc. _cc1984 |
||
| 300 |
_a182 _billustrations _c19cm |
||
| 700 | _aBeverly Cleary | ||
| 942 |
_2ddc _cFIC. _hFic. C581r 1984 _n0 |
||
| 999 |
_c8007 _d8007 |
||